| 000 | 00513pab a2200181 454500 | ||
|---|---|---|---|
| 008 | 180718b1997 xxu||||| |||| 00| 0 eng d | ||
| 100 | _aWilken, Marlene K. | ||
| 245 | _aChanging policies for changing times in long-term care | ||
| 260 | _c1997 | ||
| 300 | _ap.379-96 | ||
| 362 | _aFeb | ||
| 650 | _aHandicapped - United States | ||
| 650 | _aDisabled - United States | ||
| 650 | _aOld age - United States | ||
| 650 | _aOld age | ||
| 773 | _aInternational Journal of Public Administration | ||
| 909 | _a34138 | ||
| 999 |
_c34138 _d34138 |
||